| 000 | 00598nam a2200205Ia 4500 | ||
|---|---|---|---|
| 005 | 20250508165201.0 | ||
| 008 | 008 250505s9999 xx 000 0 eng d | ||
| 020 | _a978-0-415-80222-2 | ||
| 037 | _aTextual | ||
| 040 |
_aFEDL _beng _cFEDL |
||
| 041 |
_aeng _2eng |
||
| 084 |
_a370.115, KUM _qFEDL |
||
| 100 |
_aKumashiro Kevin K _9777112 |
||
| 245 | 0 | _aAgainst common sense: Teaching and learning toward social justice | |
| 260 |
_aLondon, UK _bRoutledge _c2009 |
||
| 300 | _aXLI, 137p. | ||
| 365 |
_aGBP _b18.99 |
||
| 942 |
_cTEXL _h370.115, KUM |
||
| 999 |
_c1393637 _d1393637 |
||